[Event "Internet Section 06A g/8'+2\""]
[Site "Dos Hermanas"]
[Date "2004.03.06"]
[Round "6"]
[White "Caesar, Julian"]
[Black "Durant, Nicholas"]
[Result "0-1"]
[WhiteElo "947"]
[BlackElo "1386"]
[PlyCount "74"]
[EventDate "2004.03.06"]
[EventType "swiss (blitz)"]
[EventRounds "9"]
[EventCountry "ESP"]
[SourceTitle "CBM 099 Extra"]
[Source "ChessBase"]
[SourceDate "2004.05.04"]
[SourceVersion "1"]
[SourceVersionDate "2004.05.04"]
[SourceQuality "1"]

1. e4 e5 2. Nf3 f5 3. d3 Nc6 4. Nc3 d6 5. Bg5 Be7 6. d4 Bxg5 7. Nxg5 Qxg5 8. Be2 Nxd4 9. Bh5+ g6 10. Bf3 Nxf3+ 11. Qxf3 fxe4 12. Nxe4 Qf5 13. Qxf5 gxf5 14. 0-0 fxe4 15. Rae1 Bf5 16. f3 exf3 17. Rxf3 Bxc2 18. Ref1 0-0-0 19. R1f2 Bg6 20. b4 Nh6 21. Rc2 Nf5 22. Rc4 Nd4 23. Rfc3 c6 24. Kf2 Rhf8+ 25. Ke1 d5 26. Rc5 Be4 27. g4 Nf3+ 28. Kd1 Nxh2 29. Kc1 Rf1+ 30. Kb2 Rb1+ 31. Ka3 Nf3 32. Re3 Nd2 33. Rg3 Nc4+ 34. Ka4 b5+ 35. Rxb5 cxb5+ 36. Kxb5 Nd6+ 37. Kc6 Rc1+ 0-1

[Event "Internet Section 06A g/8'+2\""]
[Site "Dos Hermanas"]
[Date "2004.03.06"]
[Round "4"]
[White "Caesar, Julian"]
[Black "Sintoro, Ali"]
[Result "0-1"]
[WhiteElo "960"]
[BlackElo "1751"]
[PlyCount "60"]
[EventDate "2004.03.06"]
[EventType "swiss (blitz)"]
[EventRounds "9"]
[EventCountry "ESP"]
[SourceTitle "CBM 099 Extra"]
[Source "ChessBase"]
[SourceDate "2004.05.04"]
[SourceVersion "1"]
[SourceVersionDate "2004.05.04"]
[SourceQuality "1"]

1. e4 c5 2. Nc3 d6 3. f4 Nf6 4. Bc4 e6 5. Nf3 Nc6 6. 0-0 Be7 7. d4 cxd4 8. Nxd4 Qb6 9. Na4 Qxd4+ 10. Qxd4 Nxd4 11. c3 Nc6 12. Be3 Nxe4 13. b4 0-0 14. b5 Na5 15. Bd3 d5 16. Bd4 b6 17. Nb2 Bb7 18. Nd1 Rac8 19. Ne3 Nxc3 20. Rac1 Ne4 21. Rxc8 Rxc8 22. Ng4 Nc4 23. Rc1 Ncd2 24. Rxc8+ Bxc8 25. Ne5 Bc5 26. Bxc5 bxc5 27. Nf3 c4 28. Nxd2 Nxd2 29. Kf2 cxd3 30. Ke1 Nc4 0-1

[Event "Internet Section 06A g/8'+2\""]
[Site "Dos Hermanas"]
[Date "2004.03.06"]
[Round "9"]
[White "De Souza, Stanislaus"]
[Black "Caesar, Julian"]
[Result "0-1"]
[WhiteElo "1274"]
[BlackElo "985"]
[PlyCount "60"]
[EventDate "2004.03.06"]
[EventType "swiss (blitz)"]
[EventRounds "9"]
[EventCountry "ESP"]
[SourceTitle "CBM 099 Extra"]
[Source "ChessBase"]
[SourceDate "2004.05.04"]
[SourceVersion "1"]
[SourceVersionDate "2004.05.04"]
[SourceQuality "1"]

1. e4 c5 2. d4 d6 3. dxc5 dxc5 4. Qxd8+ Kxd8 5. Bc4 e6 6. Bf4 Nf6 7. Nc3 Nc6 8. Nf3 h6 9. Ne5 Ke7 10. Nxc6+ bxc6 11. 0-0 Bb7 12. f3 Rd8 13. Rfd1 g5 14. Be5 Bg7 15. Rd3 Rxd3 16. cxd3 Rd8 17. Rd1 h5 18. Na4 Ne8 19. Bxg7 Nxg7 20. Nxc5 Ba8 21. d4 h4 22. Na6 f5 23. Nc7 fxe4 24. fxe4 Bb7 25. d5 e5 26. d6+ Rxd6 27. Rxd6 Kxd6 28. Ne8+ Nxe8 29. b4 Nf6 30. a4 Nxe4 0-1

[Event "Internet Section 06A g/8'+2\""]
[Site "Dos Hermanas"]
[Date "2004.03.06"]
[Round "2"]
[White "Valencia, David"]
[Black "Caesar, Julian"]
[Result "1-0"]
[WhiteElo "1636"]
[BlackElo "913"]
[PlyCount "33"]
[EventDate "2004.03.06"]
[EventType "swiss (blitz)"]
[EventRounds "9"]
[EventCountry "ESP"]
[SourceTitle "CBM 099 Extra"]
[Source "ChessBase"]
[SourceDate "2004.05.04"]
[SourceVersion "1"]
[SourceVersionDate "2004.05.04"]
[SourceQuality "1"]

1. e4 e5 2. Nf3 Nc6 3. Bb5 Nf6 4. 0-0 Bc5 5. c3 0-0 6. d4 a6 7. Bxc6 Ba7 8. dxe5 bxc6 9. exf6 Qxf6 10. e5 Qe6 11. Qd3 c5 12. Ng5 Qh6 13. Nxf7 Qh5 14. Ng5 Bb7 15. c4 Bb8 16. Nc3 Qg4 17. Qxh7# 1-0